| 000 | 01179cgm a2200325 4500 | ||
|---|---|---|---|
| 001 | ##J86858 | ||
| 008 | 090401t1997 xxu||||| |||| 00| 0 eng d | ||
| 035 | _a(Sirsi) u81253 | ||
| 041 | 0 | _aeng | |
| 050 | 0 | 4 | _a658.2 $2 18 |
| 100 | 1 | _aOwen, David | |
| 245 | 0 | 0 |
_aFacilities management for the property profession _h[sound recording] |
| 260 |
_aLondon _bRICS _c1997 |
||
| 300 |
_a1 _faudiocassette (60 min.) |
||
| 350 | _a14.10 | ||
| 490 | 0 | _aOwlion Audio Programme | |
| 520 | _aProvides an overview of the concept of facilities management including the roles of the user and the service provider. Looks into the added value of facilities management for all concerned as well as the range of opportunities that are open to chartered surveyors. | ||
| 520 | _aWithdrawn 1 October 2006. | ||
| 651 | 4 |
_aUnited Kingdom _y |
|
| 690 | _aMANAGEMENT-FACILITIES MANAGEMENT | ||
| 700 | 1 | _aGuscott, Fred | |
| 700 | 1 | _aHennessy, Frank | |
| 700 | 1 | _aMiddleton, Tony | |
| 700 | 1 | _aMulroy, James | |
| 700 | 1 | _aRussell, Philip | |
| 710 | 2 |
_aRoyal Institution of Chartered Surveyors _94900 |
|
| 710 | 2 |
_aCollege of Estate Management _9400 |
|
| 942 | _n0 | ||
| 948 | _c06/10/1997 | ||
| 999 |
_c85358 _d85358 |
||